| 000 | 00537cam a22001337a 4500 | ||
|---|---|---|---|
| 999 |
_c508311 _d508311 |
||
| 008 | 180718b1950 xxu||||| |||| 00| 0 eng d | ||
| 082 | _aR603x5452 M267/1948/1949 | ||
| 100 |
_aTamil Nadu. Department of Industries, Labour and Co-Operation _93559 |
||
| 245 |
_aReport on the working of the factories act in the state of Madras, 1949 _cby Department of Industries, Labour and Co-Operation |
||
| 260 |
_aMadras _bGovernment Press _c1950 |
||
| 300 | _av.p. | ||
| 500 | _aContents: Library has 1949, 1955, 1963, 1954, 1956, 1958 | ||
| 942 | _2ddc | ||